00339nam a2200097Ia 45000010005000000080041000050820026000461000066000722450080001382600023002181765241024s9999 xx 000 0 und d aRD/612.6/R426g/2003/2 aRepública Dominicana. Secretaría de Estado de Educación 0aGuía Metológica. Educación Afectivo Sexual. Nivel Básico 2do. Ciclo bEd. Corripioc2003